Normal view
MARC view
- Polsby, Nelson W
Entry Personal Name
001 - CONTROL NUMBER
- control field: 15289
003 - CONTROL NUMBER IDENTIFIER
- control field: OSt
005 - DATE AND TIME OF LATEST TRANSACTION
- control field: 20260205124745.0
008 - FIXED-LENGTH DATA ELEMENTS
- fixed length control field: 260205|| aca||aabn | a|a d
040 ## - CATALOGING SOURCE
- Original cataloging agency: OSt
- Transcribing agency: OSt
100 ## - HEADING--PERSONAL NAME
- Personal name: Polsby, Nelson W
670 ## - SOURCE DATA FOUND
- Source citation: Work cat.: (OSt)6041: Polsby, Nelson W., Community power and political theory :, c1980.